| 000 | 00731cab a2200229 4500 | ||
|---|---|---|---|
| 001 | X2985 | ||
| 008 | 090401t1995 xxu||||| |||| 00| 0 eng d | ||
| 035 | _a(Sirsi) u27711 | ||
| 041 | _aeng | ||
| 245 | _aNature conservation: the framework for desiginating special protection areas for birds | ||
| 260 | _c1995 | ||
| 350 | _a0 | ||
| 490 |
_aJournal of Planning and Environment Law _v7(2) 1995, 245-277(34) |
||
| 520 | _aDiscusses "R v SoS Envrionment ex parte Royal Society for Protection of Birds" QBD 18 August 1994. | ||
| 650 | _aEC DIRECTIVES | ||
| 650 | _aNATURE CONSERVATION | ||
| 650 | _aPROTECTION OF BIRDS | ||
| 650 | _aSPECIAL PROTECTION AREAS | ||
| 690 | _aCONSERVATION | ||
| 942 | _n0 | ||
| 948 | _c04/03/1997 | ||
| 999 |
_c18665 _d18665 |
||